Statistics for Former Spanish Colonies

Click here to take the quiz!

General Stats

  • This quiz has been taken 50 times
  • The average score is 22 of 32

Answer Stats

Answer% Correct
Argentina
95%
Peru
95%
Chile
93%
Colombia
93%
El Salvador
93%
Venezuela
93%
Honduras
90%
Mexico
90%
Cuba
88%
Nicaragua
88%
Costa Rica
85%
Dominican Republic
85%
Panama
85%
Paraguay
85%
Bolivia
83%
Ecuador
83%
Guatemala
83%
Philippines
83%
Uruguay
83%
Morocco
68%
Equatorial Guinea
66%
Belize
59%
Portugal
59%
Trinidad and Tobago
51%
Haiti
46%
Italy
46%
Belgium
34%
Netherlands
34%
Jamaica
32%
Puerto Rico
27%
Guam
24%
Luxembourg
17%

Score Distribution

Percentile by Number Answered

Percent of People with Each Score

Your Score History

You have not taken this quiz